000 00706nam a2200181Ia 4500
008 100921s9999 xx 000 0 und d
082 _b25955
_a040 थ 94
100 _aखाडिलकर नीलकंठ यशवंत.
245 _aशूरा मी वंदिले.
260 _bमनोरमा प्रकाशन,मुंबई.
_c1994
300 _a216
_bरसिक साहित्य,पुणे
365 _b100
520 _aसंकीर्ण-लेख,निबंध.
630 _aशूरा मी वंदिले.
650 _aसंकीर्ण-लेख,निबंध.
730 _aशूरा मी वंदिले.
942 _cBOOK
999 _c775068
_d775065